000 01508 a2200229 4500
001 59506
005 20260407155849.0
008 260407a1964 arg spa d
003 AR-UNSa-BCEJYS
040 _aAR-UNSa-BCEJYS
_bspa
_cAR-UNSa-BCEJYS
080 _a330.1
_xCiencia económica. Conceptos fundamentales de teoría económica. Valor. Capital. Fondos
245 1 0 _aTeorias económicas y regiones subdesarrolladas
250 _a3a. ed.
264 1 _aMéxico :
_bFondo de Cultura Económica
_c1964
300 _a188 p.
_c21 cm.
505 _a1. Una característica general inexplicable de la realidad social - 2. El principio de la causación circular y acumulativa - 3. La tendencia hacia las desigualdades económicas regionales en un país - 4. El papel desempeñado por el Estado - 5. Desigualdades internacionales - 6. Políticas nacionales del Estado en los países subdesarrollados - 7. La planeación económica nacional en los países subdesarrollados - 7. La planeación económica nacional en los países subdesarrollados - 8. Un reto - 9. La doctrina de la igualdad y la evasión de ella - 10. Las predilecciones conservadoras de la teoría económica y sus fundamentos en las filosofías básicas - 11. Una nota sobre la teoría del comercio internacional y el problema de la desigualdad - 12. El enigma lógico de toda ciencia -
942 _cBK
590 _aniveau_biblio:m niveau_hierar:0
100 1 _aMyrdal, Gunnar
700 1 _aCuesta, Ernesto
700 1 _aSoberón M., Oscar
999 _c6712
_d6712